Мистецтво лаконізму в прозі Ернеста Хемінгуея. (Запис № 282551)

МАРК-запис
000 -LEADER
fixed length control field 01369nam a22001577a 4500
041 ## - LANGUAGE CODE
Language code of text/sound track or separate title ukr
080 ## - UNIVERSAL DECIMAL CLASSIFICATION NUMBER
Universal Decimal Classification number 09
090 ## - LOCALLY ASSIGNED LC-TYPE CALL NUMBER (OCLC); LOCAL CALL NUMBER (OCLC)
Local cutter number (OCLC) ; Book number/undivided call number, CALL (RLIN) НИЧ
100 ## - MAIN ENTRY--PERSONAL NAME
Personal name Ничипорук Л. М.
245 ## - TITLE STATEMENT
Title Мистецтво лаконізму в прозі Ернеста Хемінгуея.
260 ## - PUBLICATION, DISTRIBUTION, ETC. (IMPRINT)
Place of publication, distribution, etc Острог
Name of publisher, distributor, etc КАФ
Date of publication, distribution, etc 2004
300 ## - PHYSICAL DESCRIPTION
Extent 63
520 ## - SUMMARY, ETC.
Summary, etc Розділ 1. Лаконізм Ернеста Хемінгуея як вироблена система художніх прийомів.<br/>1.1. Особливості хемінгуеївського стилю.<br/>1.2. Внутрішній монолог як основний елемент хемінгуеївської поетики.<br/>Розділ 2. Проблематика повісті Ернеста Хемінгуея "Старий і море".<br/>2.1. Самотність строї людини як норма американського індивідуалізму.<br/>2.2. Трактування снів.<br/>2.3. Стара людина і мораль.<br/>Розділ 3. Антивоєнний роман Ернеста Хемінгуея "Прощавай, зброє!".<br/>3.1. Людина "втраченого покоління".<br/>3.2. Ритмічність прози як стильова ознака.
-- Лаконізм, стиль, проблематика
650 ## - SUBJECT ADDED ENTRY--TOPICAL TERM
Topical term or geographic name as entry element Research Papers
942 ## - ADDED ENTRY ELEMENTS (KOHA)
Koha item type Книги
Фонди
Withdrawn status Lost status Source of classification or shelving scheme Damaged status Not for loan Home library Current library Date acquired Source of acquisition Coded location qualifier Cost, normal purchase price Total Checkouts Full call number Barcode Date last seen Price effective from Koha item type
    Universal Decimal Classification     ВІЛ - Відділ іноземн. літератури НБ ВІЛ - Відділ іноземн. літератури НБ 08/08/2005 Акт В31 1.00   09 210113 20/12/2021 16/12/2004 Книги